Novak Djokovic - Route to the 2019 Australian Open Trophy - Statistics

General Stats
  • This quiz has been taken 45 times
  • The average score is 5 of 7
Answer Stats
Round Result Country Opponent % Correct
F 3:0 (6:3,6:2,6:3) Spain Rafael Nadal
100%
QF 1:0 ret.(6:1,4:1) Japan Kei Nishikori
81%
R16 3:1 (6:4,6:7,6:2,6:3) Russia Daniil Medvedev
76%
SF 3:0 (6:0,6:2,6:2) France Lucas Pouille
71%
R64 3:0 (6:3,7:5,6:4) France Jo-Wilfried Tsonga
67%
R32 3:1 (6:3,6:4,4:6,6:0) Canada Denis Shapovalov
60%
R128 3:0 (6:3,6:2,6:2) USA Mitchell Krueger
19%
No matching quizzes found
Score Distribution
Percent of People with Each Score
Percentile by Number Answered
Your Score History
You have not taken this quiz